000 00670nam a2200205Ia 4500
001 10318
003 GE_BSU
008 181216s||||||||xx |||||||||||||| ||und||
040 _cGE_BSU
080 _a821.353.1–31
100 _aფანჯიკიძე,გურამ
245 _aმეშვიდე ცა;თვალი პატიოსანი
245 _bრომანები
260 _aთბილისი
260 _bსაბჭოთა საქართველო
260 _c1974
300 _a544გვ.:ილ.;21სმ.
653 _aმეშვიდე ცა;თვალი პატიოსანი
942 _cBK
999 _c43584
_d43584